01260nam a2200229 a 450000100100000000500170001000800410002704000250006810000290009324501100012226000460023230000380027850000490031650000630036504900090042895201200043795201200055795201200067795201110079795201050090899900170101300003594120200930074735.0111121s2001 dr ag 000 0 spa d aDO-SdBNPbspacBNPHU1 aBrens, Bienvenido96196510aNimbos de plata 30 composiciones y partituras del legado musical de Bienvenido Brens /cBienvenido Brens. aSanto Domingo :bEditora Corripio,c2001. a104 p. :bil., música ;c28 cm. aLa música es cultura y alma de los pueblos aIncluye datos biográficos del autor en la contracubierta aBNPD 001054708DSaGRbGRcCTd2011-11-21iLF1l0o p35941-20r2020-06-25te. 3w2020-06-25yLFDSZPréstamo en sala 001054708DSaGRbGRcCTd2011-11-21iLF1l0o p35941-30r2020-06-25te. 4w2020-06-25yLFDSZPréstamo en sala 001054708DSaGRbGRcCTd2011-11-21iLF1l0o p35941-40r2020-06-25te. 5w2020-06-25yLFDSZPréstamo en sala 0010718PDaPDbPDcCTd2011-11-21iLF1l0o p35941-10r2020-06-25te. 2w2020-06-25yLFPDZNo se presta 0010718PDaPDbPDcCTd2011-11-21iLF1l0o p35941-50r2020-06-25w2020-06-25yLFPDZNo se presta c35432d35432